000 005940000a22002410004500
015 _aNB
500 _aIncludes bibliographies
650 _aEconomics
650 _aPolitical parties
650 _aElections
650 _aPublic opinion
650 _aEconomic development
651 _aNepal
082 _a338.9
_bN213
_cN
518 _a981103
530 _aM
245 _aNational consensus for development in Nepal
260 _aKathmandu
_bInstitute for Integrated Development Studies 'IIDS', Nepal
260 _c1997
041 _aEng
300 _avi, 58p.
942 _cGEN
999 _c15783
_d15783